000 00536nam a2200193Ia 4500
001 63608
008 150109s9999 xx 000 0 und d
020 _a9780495508748
040 _cPK-LaUMT
082 _a 306
_bPEO-H
100 _aPeoples, James
245 _aHumanity
_ban introduction to cultural anthropology
_cPeoples, James|Bailey, Garrick
260 _aSouth melbourne,Australia:
_bCengage Learning Australia,
_c2009
300 _a463 p.
546 _aEN
650 _aEthnology
700 _aBailey, Garrick
942 _cBK
999 _c64262
_d64262